| 000 | 00806nam a2200217Ia 4500 | ||
|---|---|---|---|
| 003 | GCL | ||
| 008 | 140319s9999 xx 000 0 ara d | ||
| 020 | _a8533301977 | ||
| 040 |
_aGCL / _cGCL |
||
| 082 | 0 | 4 |
_aق _b330.962 _bب ن |
| 100 | 1 | _aالبيومى اسماعيل | |
| 245 | 1 | 0 |
_aالنظم المالية فى مصر والشام : _bزمن سلاطين المماليك / _cالبيومى اسماعيل |
| 260 |
_aالقاهرة : _bالهيئة المصرية العامة للكتاب ، _c1998 |
||
| 300 |
_a467 ص ؛ _c22 سم |
||
| 490 |
_aتاريخ المصريين _v118 |
||
| 650 | 0 | 4 | _aمصر - الاحوال الاقتصادية |
| 650 | 0 | 4 | _aديوان المظالم |
| 650 | 0 | 4 | _aمصر - تاريخ - دواوين |
| 650 | 0 | 4 | _aديوان الاوقاف |
| 942 |
_2ddc _cBK |
||
| 999 |
_c42725 _d42725 |
||